000 00665nam a2200289Ia 4500
005 20260324115308.0
008 008 260324s9999 xx 000 0 eng d
020 _a9781315116587
037 _aEBOOK
040 _aCRL
040 _beng
040 _cCRL
041 _2eng
041 _aeng
084 _qCRL
100 _aAnil Kumar Anal
_91154115
245 0 _aBionanotechnology
245 0 _bPrinciples and Applications
260 _bTaylor and Francis
260 _c2018
365 _a
365 _b275
856 _uhttp://www.taylorfrancis.com/books/9781315116587
942 _cEBOOK
999 _c1744888
_d1744888